| 000 | 00442nam a2200181Ia 4500 | ||
|---|---|---|---|
| 001 | 20794 | ||
| 005 | 20260306172832.0 | ||
| 008 | 260306t2018||||xx |||||||||||||| ||spa|| | ||
| 041 | _aESP | ||
| 082 |
_a343.8 _bB81 |
||
| 100 |
_aBravo Cucci, Jorge _eAUT |
||
| 245 | 0 | _aTeoría sobre la imposición al valor agregado | |
| 260 | _c2018 | ||
| 300 |
_a221 páginas : _c20 cm. |
||
| 650 | _aGEN | ||
| 654 | _aCCO | ||
| 942 |
_cLIB _dJUS _fJUS _2ddc _n |
||
| 999 |
_c20794 _d20794 |
||